Word Ladder: New Year's Resolutions Quiz Stats

 Plays Quiz Updated Dec 31, 2014

Challenge
Share
Tweet
Embed
Score 0/48 Timer 05:00
2 Plays Today
Hint 4-Letter Word % Correct
✎ Read a ____ more often ✎BOOK
98%
Wine bottle stopperCORK
97%
Prepare a mealCOOK
96.5%
✎ Volunteer to ____ others ✎HELP
96.2%
✎ Eat healthier ____FOOD
95.9%
✎ ____ smoking ✎STOP
95.9%
Twelve inchesFOOT
95.8%
MaizeCORN
95.7%
Metal currencyCOIN
95.7%
✎ Drink ____ alcohol ✎LESS
95.4%
✎ Find true ____LOVE
95.3%
To have fired a gunSHOT
95.1%
✎ ____ weight ✎LOSE
95%
✎ Go ____ to school ✎BACK
94.9%
Chimney residueSOOT
94.3%
✎ Cut down on red ____MEAT
94.2%
✎ Spend more ____ with family ✎TIME
93.8%
Breakfast, lunch, or dinnerMEAL
93.6%
Bird of peaceDOVE
93.5%
Tree trunk coveringBARK
93.2%
Opposite of profitLOSS
93.1%
✎ ____ a gym ✎JOIN
93%
MarketSHOP
92.6%
Tidy and orderlyNEAT
92.4%
Hint 4-Letter Word % Correct
Small green citrusLIME
91.6%
Retain possessionKEEP
91.3%
Type of seaweedKELP
91.2%
Successfully treat illnessHEAL
90.5%
IdenticalSAME
90.5%
Tined eating implementFORK
90.1%
Untidy pileHEAP
90%
Slowly leak throughSEEP
89.8%
Stair treadSTEP
89.1%
✎ ____ money ✎SAVE
88.3%
DomesticatedTAME
87.8%
✎ Enjoy ____ more ✎LIFE
87.2%
Cross a streamFORD
86.3%
Strong, dark beerBOCK
86.2%
Masked mammal (abbrev)COON
84.8%
Swedish chef exclamationBORK!
84%
✎ ____ out more often ✎WORK
82.3%
1993 movie 'Benny & ____'JOON
82%
Salamander cousinNEWT
81.8%
✎ Watch more ____NEWS
80.2%
Grohl, Navarro, or BrubeckDAVE
79.9%
Alcindor, Wallace and AyresLEWS
77.4%
✎ Have more ____ nights ✎DATE
70.3%
To adore, cherishDOTE
69.9%

Today's Daily Dose

You're not logged in!

Compare scores with friends on all Sporcle quizzes.
Join for Free
OR
Log In

You Might Also Like...

Show Comments

Extras

Top Quizzes Today


Score Distribution

Your Account Isn't Verified!

In order to create a playlist on Sporcle, you need to verify the email address you used during registration. Go to your Sporcle Settings to finish the process.

Report this User

Report this user for behavior that violates our Community Guidelines.

Details: